| 000 | 00576pam a2200205 a 4500 | ||
|---|---|---|---|
| 001 | 4434447 | ||
| 005 | 20250124194655.0 | ||
| 008 | 940914s1995 mau b 000 0 eng | ||
| 020 | _a020516482X | ||
| 020 | _a9780205164820 | ||
| 050 | 0 | 0 |
_aHM51 _b.S8975 1995 |
| 082 | 0 | 0 |
_a301/.023 _220 |
| 100 | 1 |
_aStephens, W. Richard, _d1955- |
|
| 245 | 1 | 0 |
_aCareers in sociology / _cW. Richard Stephens, Jr. |
| 260 |
_aBoston : _bAllyn and Bacon, _cc1995. |
||
| 300 |
_aix, 102 p. ; _c23 cm. |
||
| 650 | 0 | _aSociology. | |
| 650 | 0 |
_aSociology _xVocational guidance. |
|
| 942 |
_2lcc _cBK _n0 |
||
| 999 |
_c3054 _d3054 |
||